<?xml version="1.0" encoding="UTF-8"?>
<marc:record xmlns:marc="http://www.loc.gov/MARC21/slim">
   <marc:leader>00000nam a2200000 a 4500</marc:leader>
   <marc:datafield ind1="1" ind2=" " tag="100">
      <marc:subfield code="a">Garner, Jennifer</marc:subfield>
   </marc:datafield>
   <marc:datafield ind1="1" ind2=" " tag="100">
      <marc:subfield code="a">Mirren, Helen</marc:subfield>
   </marc:datafield>
   <marc:datafield ind1="1" ind2=" " tag="100">
      <marc:subfield code="a">Brand, Russell</marc:subfield>
   </marc:datafield>
   <marc:datafield ind1="1" ind2=" " tag="100">
      <marc:subfield code="a">Gordon, Steve</marc:subfield>
   </marc:datafield>
   <marc:datafield ind1="0" ind2="0" tag="245">
      <marc:subfield code="a">Arthur [Bildtonträger]</marc:subfield>
   </marc:datafield>
   <marc:datafield ind1="0" ind2="0" tag="245">
      <marc:subfield code="c">Drehbuch: Steve Gordon. Darsteller: Russell Brand, Helen Mirren, Jennifer Garner</marc:subfield>
   </marc:datafield>
   <marc:datafield ind1=" " ind2="1" tag="264">
      <marc:subfield code="b">Warner Bros. Entertainment GmbH</marc:subfield>
      <marc:subfield code="c">2011</marc:subfield>
   </marc:datafield>
   <marc:datafield ind1="1" ind2=" " tag="520">
      <marc:subfield code="a">Der warmherzige, lebenslustige Arthur lebt ziellos in den Tag hinein - leichtsinnig folgt er jedem Impuls, der ihm Vergnügen verspricht ... bis sein unkontrollierbares öffentliches Image eines Tages den biederen Ruf der Familienstiftung Bach Worldwide gefährdet. In diesem Moment stellt ihm seine Mutter ein Ultimatum: Entweder heiratet er die zwar schöne, aber eindeutig nicht liebenswerte ehrgeizige Managerin Susan Johnson , die ihn im Zaum halten kann, oder er verliert sein Milliardenerbe und damit auch den ihm vertrauten Lebensstil.</marc:subfield>
   </marc:datafield>
   <marc:datafield ind1=" " ind2=" " tag="500">
      <marc:subfield code="a">Deutsch, Englisch, Italienisch. FSK ab 12 Jahren</marc:subfield>
   </marc:datafield>
   <marc:datafield ind1="0" ind2=" " tag="490">
      <marc:subfield code="v">0</marc:subfield>
   </marc:datafield>
   <marc:datafield ind1=" " ind2=" " tag="300">
      <marc:subfield code="a">1 DVD (106 Min., Ländercode 2): farbig</marc:subfield>
   </marc:datafield>
</marc:record>
